01419nam a2200313Ia 450000500170000000800410001702000150005808200210007310000360009424500880013025000390021830000420025760000510029965000210035065000240037165000300039565000320042570000530045794200120051026400460052233600270056833700330059533800280062804000350065699900150069195201300070695201370083695201320097320220317000738.0160601s2005 ve a g 000 0 spa  a980388078004a923.64164 bM67u1 aUslar Pietri, Arturod1906-200110aMorgan y los piratas cArturo Uslar Pietri ; ilustraciones Joanna Gutiérrez Rojas a2a. edición b1a. reimpresión  a23 páginas bilustraciones c21 cm 14aMorgan, Henryd1935-1688vBiografías 953855142LEMBaCorsarios 142LEMBaFilibusteros 142LEMBaPiratas xHistoria 142LEMBaRelatos históricos 1 aGutiérrez Rojas, Joannaeilustraciones 953858 2ddccBK aCaracas bLos Libros de el Nacionalc2005 atextobtxt2rdacontent asin mediaciónbn2rdamedia avolumenbnc2rdacarrier aCO-BoRNBPbspaerdacCO-BoRNBP c4937d4937 00102ddc40708GENaMEPRICObMEPRICOcGENd2023-05-16l0o923.64164pPR000001214r2023-05-16 00:00:00tEj.1w2023-05-16yBK 00102ddc40708007aMEMAPIRIbMEMAPIRIcGENd2024-01-10l0o923.64164 M67upMAP00001576r2024-01-10 19:16:53tEj.1w2024-01-10yBK 00102ddc40708GENaMEURIBEbMEURIBEcGENd2024-08-23l0o923.64164 M67upURI01242r2024-08-23 10:07:07tEj.1w2024-08-23yBK